000 00503nmm a2200169Ia 4500
008 251105s9999||||xx |||||||||||||||||und||
020 _a8470306146
041 _aspa
100 _aHansel, Georges
245 0 _aExploraciones talmúdicas. Principios básicos y su inspiración
264 _a[Madrid, España] :
_bBiblioteca Nueva,
_c1998
300 _a352 páginas
490 _aEnsayo Pensamiento
650 _aReligion(s)
856 _uhttps://public.digitaliapublishing.com/a/4531
942 _cCF
999 _c73123
_d73123